| 000 | 00457nam a2200157 i 4500 | ||
|---|---|---|---|
| 001 | 39112 | ||
| 003 | ES-MaACL | ||
| 005 | 20230906155907.0 | ||
| 007 | t| | ||
| 008 | 030227s1969 sp ||||1| cat d | ||
| 100 | 1 |
_aCamps y Arboix, Joaquim de. _934331 |
|
| 245 | 1 | 0 |
_aHistoria de l'Agricultura catalana / _cJoaquĆm de Camps i Arboix. |
| 260 |
_aBarcelona : _bTaber, _c[1969] |
||
| 300 |
_a415 p. : _bil. ; _c22 cm. |
||
| 852 |
_aES-MaACL _jC-36748 _bR.70987 |
||
| 999 |
_c39112 _d39112 |
||